<?xml version="1.0" encoding="UTF-8"?>
<marc:record xmlns:marc="http://www.loc.gov/MARC21/slim">
   <marc:leader>00000nam a2200000 a 4500</marc:leader>
   <marc:datafield ind1="1" ind2=" " tag="100">
      <marc:subfield code="a">Wodin, Natascha</marc:subfield>
      <marc:subfield code="4">aut</marc:subfield>
      <marc:subfield code="e">Verfasser/-in</marc:subfield>
   </marc:datafield>
   <marc:datafield ind1=" " ind2=" " tag="653">
      <marc:subfield code="a">Erzählende Literatur: Gegenwartsliteratur ab 1945</marc:subfield>
   </marc:datafield>
   <marc:datafield ind1=" " ind2=" " tag="653">
      <marc:subfield code="a">Spätes Glück</marc:subfield>
   </marc:datafield>
   <marc:datafield ind1=" " ind2=" " tag="653">
      <marc:subfield code="a">Älter werden / Roman</marc:subfield>
   </marc:datafield>
   <marc:datafield ind1=" " ind2=" " tag="653">
      <marc:subfield code="a">Paar / Roman</marc:subfield>
   </marc:datafield>
   <marc:datafield ind1="0" ind2="0" tag="245">
      <marc:subfield code="a">Die späten Tage</marc:subfield>
   </marc:datafield>
   <marc:datafield ind1="0" ind2="0" tag="245">
      <marc:subfield code="c">Wodin, Natascha</marc:subfield>
   </marc:datafield>
   <marc:datafield ind1=" " ind2="1" tag="264">
      <marc:subfield code="a">Hamburg</marc:subfield>
      <marc:subfield code="b">Rowohlt</marc:subfield>
   </marc:datafield>
   <marc:datafield ind1=" " ind2=" " tag="250">
      <marc:subfield code="a">1. Auflage, Originalausgabee</marc:subfield>
   </marc:datafield>
   <marc:datafield ind1="1" ind2=" " tag="520">
      <marc:subfield code="a">Was bedeutet es, wenn man sich in hohem Alter noch einmal verliebt? Wenn nicht mehr viel Zeit füreinander bleibt und man sich eigentlich schon im Alleinsein eingerichtet hat? In Natascha Wodins neuem Buch wagt die Erzählerin den Versuch, die Liebe über die Einsamkeit siegen zu lassen, ein letztmögliches Lebensexperiment, in dem sich die Fragen nach Liebe und Tod mit existenzieller Dringlichkeit stellen und die Mühen des Alters zum Alltag gehören. Die Geschichte des Paares ist der rote Faden im Text, einem Gewebe aus Erinnerungen, Reflexionen, Beobachtungen – aufgezeichnet an einem mecklenburgischen See mit Blick auf das Wasser und den gegenüberliegenden Horizont.&#xD;
Natascha Wodin erzählt von widersprüchlichen Gefühlen, von Nähe und Fremdsein in einer Beziehung, ihren Gedanken an den näher rückenden Tod und den Schmerz des unaufhaltsamen Abschieds. &#xD;
«Die Sprache Wodins nimmt dem, was sie erzählt, nicht den Schrecken. Im Gegenteil: Sie macht ihn spürbar, nachvollziehbar. Und gleichzeitig spendet ihre Kunst den so nötigen Trost.» Der Spiegel </marc:subfield>
   </marc:datafield>
   <marc:datafield ind1=" " ind2=" " tag="020">
      <marc:subfield code="a">9783498003340</marc:subfield>
      <marc:subfield code="9">9783498003340</marc:subfield>
   </marc:datafield>
   <marc:datafield ind1=" " ind2=" " tag="020">
      <marc:subfield code="a">3498003348</marc:subfield>
      <marc:subfield code="9">3498003348</marc:subfield>
   </marc:datafield>
   <marc:datafield ind1=" " ind2=" " tag="041">
      <marc:subfield code="a">ger</marc:subfield>
   </marc:datafield>
   <marc:datafield ind1=" " ind2=" " tag="338">
      <marc:subfield code="a">Band</marc:subfield>
   </marc:datafield>
   <marc:datafield ind1=" " ind2=" " tag="300">
      <marc:subfield code="a">287 Seiten</marc:subfield>
   </marc:datafield>
</marc:record>
